Theory of graphs /

Guardado en:
Autor Principal: Ore, Øystein, 1899-1968.
Formato: Libro
Idioma:English
Publicado: Providence, R.I. : American Mathematical Society, 1967.
Series:Colloquium publications (American Mathematical Society) ; v. 38.
Etiquetas: Agregar Etiqueta
Sin Etiquetas, Sea el primero en etiquetar este registro!
LEADER 00825cam a22002175a 4500
001 MAT.inmabb002323
008 720420r19671962riua#####b####001#0#eng#d
005 20130225110639.0
245 1 0 |a Theory of graphs /  |c by Oystein Ore. 
260 |a Providence, R.I. :  |b American Mathematical Society,  |c 1967. 
300 |a x, 270 p. :  |b il. ;  |c 26 cm. 
490 1 |a American Mathematical Society. Colloquium publications ;  |v v. 38 
500 |a "3rd printing, with corrections". Publicado originalmente en 1962. 
504 |a Bibliografía: p. 250-264. 
510 4 |a MR,  |c 27 #740  |3 (de la ed. original) 
020 |a 0821810383 
100 1 |a Ore, Øystein,  |d 1899-1968. 
830 0 |a Colloquium publications (American Mathematical Society) ;  |v v. 38. 
084 |a 05Cxx  |2 msc2000 
010 |a  61015687  
859 |h 05  |i Or66  |p A-3996  |b BIB. MATEMATICA